[Event "XXXIV Mitropa Cup"]
[Site "Mayrhofen AUT"]
[Date "2015.06.20"]
[Round "7.3"]
[White "Moroni, Luca Jr"]
[Black "Gallagher, Joseph G"]
[WhiteElo "2437"]
[BlackElo "2476"]
[Result "1-0"]
[Annotator "ITA-SUI"]
[PlyCount "105"]
[EventDate "2015.06.14"]

1. Nf3 c5 2. c4 Nc6 3. d4 cxd4 4. Nxd4 Nf6 5. Nc3 e6 6. Ndb5 d5 7. Bf4 e5 8.
cxd5 exf4 9. dxc6 bxc6 10. Qxd8+ Kxd8 11. Rd1+ Bd7 12. Nd6 Rb8 13. Nxf7+ Ke8
14. Nxh8 Rxb2 15. Rd4 a5 16. e3 fxe3 17. fxe3 Bb4 18. Rxb4 axb4 19. Nd1 Rxa2
20. Bc4 Rxg2 21. Nf7 Bg4 22. Ne5 Bxd1 23. Kxd1 Ne4 24. Rf1 Nd2 25. Bf7+ Ke7 26.
Rf4 c5 27. Bd5 Rg5 28. Kxd2 Rxe5 29. Bc4 Kd6 30. Kd3 Re7 31. Rf8 Ra7 32. Rd8+
Kc6 33. Bd5+ Kc7 34. Re8 Ra3+ 35. Ke4 b3 36. Re7+ Kd6 37. Re6+ Kd7 38. Rb6 Ra2
39. Ke5 Rxh2 40. Rb7+ Kc8 41. Rxb3 Rh6 42. Rb5 g5 43. Rxc5+ Kd7 44. Be4 Re6+
45. Kd4 Rd6+ 46. Rd5 h5 47. Bf5+ Ke7 48. Rxd6 Kxd6 49. e4 g4 50. e5+ Ke7 51.
Kd5 g3 52. Bh3 h4 53. e6 1-0

[Event "XXXIV Mitropa Cup"]
[Site "Mayrhofen AUT"]
[Date "2015.06.20"]
[Round "7.4"]
[White "Patuzzo, Fabrizio"]
[Black "Lodici, Lorenzo"]
[WhiteElo "2282"]
[BlackElo "2324"]
[Result "0-1"]
[Annotator "ITA-SUI"]
[PlyCount "102"]
[EventDate "2015.06.14"]

1. c4 e5 2. g3 c6 3. d4 e4 4. d5 Bb4+ 5. Nc3 Nf6 6. Bg2 O-O 7. Bd2 Qe7 8. e3
cxd5 9. cxd5 Bxc3 10. Bxc3 d6 11. Ne2 Nbd7 12. O-O Ne5 13. h3 Bd7 14. a4 b5 15.
a5 a6 16. Qb3 Rac8 17. Rfd1 Rc7 18. Nd4 Rfc8 19. Nc2 Nd3 20. Nb4 Nxb4 21. Bxb4
Ne8 22. Rd2 Bf5 23. Rad1 Bg6 24. Bc3 f5 25. h4 h5 26. Bh3 Nf6 27. Bd4 Nd7 28.
Rb1 Ne5 29. Rdd1 Nf3+ 30. Kg2 Nxd4 31. Rxd4 Qe5 32. Rbd1 Bf7 33. R1d2 g6 34.
Kh2 Kf8 35. Bf1 Ke7 36. Be2 Kf6 37. f3 exf3 38. Bxf3 Rc4 39. Rf4 Kg7 40. Qd3
R8c7 41. Bg2 Rc1 42. e4 R1c4 43. Rdf2 fxe4 44. Bxe4 Rd4 45. Qb1 Bxd5 46. Bxg6
Rxf4 47. gxf4 Qe3 48. Rc2 Rxc2+ 49. Qxc2 Qxf4+ 50. Kg1 Qg3+ 51. Kf1 Bc4+ 0-1

[Event "XXXIV Mitropa Cup"]
[Site "Mayrhofen AUT"]
[Date "2015.06.21"]
[Round "8.1"]
[White "David, Alberto"]
[Black "Michalik, Peter"]
[WhiteElo "2571"]
[BlackElo "2546"]
[Result "1/2-1/2"]
[Annotator "ITA-SVK"]
[PlyCount "123"]
[EventDate "2015.06.14"]

1. e4 c6 2. d4 d5 3. Nc3 dxe4 4. Nxe4 Bf5 5. Ng3 Bg6 6. h4 h6 7. Nf3 Nd7 8. h5
Bh7 9. Bd3 Bxd3 10. Qxd3 e6 11. Bd2 Ngf6 12. O-O-O Be7 13. Kb1 O-O 14. Ne4 Nxe4
15. Qxe4 Nf6 16. Qe2 Qd5 17. Be3 Rad8 18. Ne5 Nd7 19. Bc1 c5 20. c4 Qd6 21.
Nxd7 Qxd7 22. d5 Bf6 23. dxe6 Qxe6 24. Qxe6 fxe6 25. Be3 b6 26. f3 Kf7 27. Kc2
Ke7 28. b3 Rxd1 29. Rxd1 Be5 30. Kd3 Rf5 31. Ke4 Bc7 32. g4 Rf7 33. Rg1 Kf8 34.
Rd1 Ke7 35. a3 Rf8 36. Rg1 Rf7 37. Ra1 Bd6 38. b4 Ke8 39. b5 a6 40. a4 Ra7 41.
bxa6 Rxa6 42. f4 Ra7 43. g5 Be7 44. Ke5 Ra6 45. Ra2 Kd7 46. f5 Bd6+ 47. Ke4
hxg5 48. Bxg5 Be7 49. Bxe7 Kxe7 50. Ke5 exf5 51. Kxf5 Ra8 52. Kg6 Rh8 53. Re2+
Kf8 54. Rf2+ Kg8 55. Ra2 Rh6+ 56. Kg5 Kh7 57. a5 bxa5 58. Rxa5 Rc6 59. Rb5 Rc7
60. Ra5 Rc6 61. Rb5 Rc7 62. Ra5 1/2-1/2

[Event "XXXIV Mitropa Cup"]
[Site "Mayrhofen AUT"]
[Date "2015.06.21"]
[Round "8.2"]
[White "Jurcik, Marian"]
[Black "Moroni, Luca Jr"]
[WhiteElo "2487"]
[BlackElo "2437"]
[Result "1/2-1/2"]
[Annotator "ITA-SVK"]
[PlyCount "62"]
[EventDate "2015.06.14"]

1. e4 e6 2. d4 d5 3. Nd2 c5 4. Ngf3 cxd4 5. Nxd4 Nf6 6. exd5 Nxd5 7. N2f3 Bb4+
8. Bd2 O-O 9. Bxb4 Nxb4 10. a3 N4c6 11. Nxc6 Nxc6 12. Qxd8 Rxd8 13. Bb5 Ne7 14.
Rd1 Rxd1+ 15. Kxd1 a6 16. Be2 Nc6 17. Kc1 Kf8 18. Rd1 Ke7 19. Nd4 Bd7 20. Bf3
Rc8 21. Nxc6+ Bxc6 22. Bxc6 Rxc6 23. Rd3 Rc5 24. Kd2 Rf5 25. Ke2 Re5+ 26. Kd2
Rf5 27. Ke2 Re5+ 28. Kd2 Rh5 29. h3 Rf5 30. Ke2 Re5+ 31. Kd2 Rf5 1/2-1/2

[Event "XXXIV Mitropa Cup"]
[Site "Mayrhofen AUT"]
[Date "2015.06.21"]
[Round "8.3"]
[White "Basso, Pier Luigi"]
[Black "Repka, Christopher"]
[WhiteElo "2428"]
[BlackElo "2414"]
[Result "1/2-1/2"]
[Annotator "ITA-SVK"]
[PlyCount "72"]
[EventDate "2015.06.14"]

1. d4 Nf6 2. c4 e6 3. Nf3 b6 4. g3 Bb7 5. Bg2 Be7 6. O-O O-O 7. d5 exd5 8. Nh4
c6 9. cxd5 Nxd5 10. Nf5 Nc7 11. e4 d5 12. Nc3 Bf6 13. exd5 cxd5 14. Bf4 Nba6
15. Re1 Bc8 16. Nd6 Bxc3 17. bxc3 Be6 18. a4 Qd7 19. c4 Bh3 20. Bxh3 Qxh3 21.
Nb5 Qd7 22. Nxc7 Nxc7 23. Bxc7 Qxc7 24. cxd5 Rad8 25. Ra2 Rd6 26. Rd2 Qd7 27.
Re4 Rc8 28. Qf3 h6 29. Kg2 Rc5 30. Rde2 Rdxd5 31. Re8+ Kh7 32. R8e7 Qf5 33.
Qxf5+ Rxf5 34. Rxa7 Ra5 35. Ree7 Kg6 36. Reb7 Rxa7 1/2-1/2

[Event "XXXIV Mitropa Cup"]
[Site "Mayrhofen AUT"]
[Date "2015.06.21"]
[Round "8.4"]
[White "Druska, Juraj"]
[Black "Lodici, Lorenzo"]
[WhiteElo "2433"]
[BlackElo "2324"]
[Result "1-0"]
[Annotator "ITA-SVK"]
[PlyCount "107"]
[EventDate "2015.06.14"]

1. e4 c5 2. Nf3 Nc6 3. d4 cxd4 4. Nxd4 e5 5. Nb5 d6 6. c4 Be7 7. N1c3 a6 8. Na3
f5 9. exf5 Bxf5 10. Nc2 Nf6 11. Ne3 Be6 12. g3 O-O 13. Bg2 Qd7 14. O-O Nd4 15.
Ned5 Bd8 16. Be3 Nf5 17. Qd3 Rb8 18. a4 Ng4 19. Ba7 Rc8 20. a5 Qf7 21. b3 Ra8
22. Bb6 Kh8 23. Qd1 Nf6 24. Nxf6 Bxf6 25. Ne4 Be7 26. Qd2 Qg6 27. Rad1 h5 28.
Be3 Rad8 29. Bg5 d5 30. Bxe7 Nxe7 31. Qg5 Qxg5 32. Nxg5 Bg8 33. cxd5 Nxd5 34.
Rfe1 Rfe8 35. Rd2 Nf6 36. Rxd8 Rxd8 37. Bxb7 Bxb3 38. Rxe5 Bc4 39. Rc5 Rd1+ 40.
Kg2 Bf1+ 41. Kf3 g6 42. Ne4 Nd7 43. Rc7 g5 44. Nxg5 Kg8 45. Ne4 Kf8 46. Kf4 Rd4
47. f3 Ke7 48. Rc6 Ra4 49. Bxa6 Nb8 50. Rc7+ Kd8 51. Rc8+ Kd7 52. Rxb8 Bxa6 53.
Rb6 Rxa5 54. Rxa6 1-0

[Event "XXXIV Mitropa Cup"]
[Site "Mayrhofen AUT"]
[Date "2015.06.22"]
[Round "9.1"]
[White "Gledura, Benjamin"]
[Black "David, Alberto"]
[WhiteElo "2486"]
[BlackElo "2571"]
[Result "1/2-1/2"]
[Annotator "ITA-HUN"]
[PlyCount "61"]
[EventDate "2015.06.14"]

1. d4 Nf6 2. c4 e6 3. Nf3 d5 4. Nc3 Be7 5. Bg5 h6 6. Bh4 O-O 7. e3 b6 8. Be2
Bb7 9. Bxf6 Bxf6 10. cxd5 exd5 11. b4 c6 12. O-O Re8 13. Qb3 Nd7 14. b5 c5 15.
Nxd5 Bxd4 16. Rad1 Ne5 17. exd4 c4 18. Qc3 Nxf3+ 19. Bxf3 Bxd5 20. Rfe1 Qd7 21.
Bxd5 Qxd5 22. a4 Rxe1+ 23. Rxe1 Rd8 24. Rd1 Re8 25. h3 Re4 26. Qf3 h5 27. Qc3
h4 28. Qf3 Qe6 29. Qc3 Qd5 30. Qf3 Qe6 31. Qc3 1/2-1/2

[Event "XXXIV Mitropa Cup"]
[Site "Mayrhofen AUT"]
[Date "2015.06.22"]
[Round "9.2"]
[White "Godena, Michele"]
[Black "Kantor, Gergely"]
[WhiteElo "2509"]
[BlackElo "2416"]
[Result "1-0"]
[Annotator "ITA-HUN"]
[PlyCount "119"]
[EventDate "2015.06.14"]

1. e4 e5 2. Bc4 Nf6 3. d3 Nc6 4. Nf3 Bc5 5. c3 a6 6. Bb3 O-O 7. h3 d5 8. Qe2
Re8 9. Bg5 dxe4 10. dxe4 Be6 11. Nbd2 h6 12. Bh4 Bxb3 13. axb3 Be7 14. Nc4 Nd7
15. Bg3 Bf6 16. O-O Qc8 17. Rfd1 Nf8 18. Ne3 Ng6 19. Nd5 Be7 20. b4 Bd6 21. Nd2
b5 22. Qf3 a5 23. bxa5 Nxa5 24. Nf1 Qe6 25. Nfe3 c6 26. Nb6 Rab8 27. Rxa5 Rxb6
28. Nf5 Bb8 29. Qg4 Rb7 30. h4 h5 31. Qxh5 Nf4 32. Qg4 g6 33. Ra8 Kh7 34. Ne3
Ra7 35. Qxe6 Nxe6 36. Rxa7 Bxa7 37. Ng4 Re7 38. Bxe5 Rb7 39. Rd6 c5 40. Nf6+
Kh6 41. Rc6 Bb6 42. f4 Bc7 43. Bxc7 Rxc7 44. Rxc7 Nxc7 45. Kf2 Kg7 46. Nd5 Ne6
47. g4 c4 48. Ke3 Nc5 49. Nc7 Na4 50. Nxb5 Nxb2 51. Nd6 Nd1+ 52. Kd4 Nf2 53. g5
Nd3 54. f5 Ne1 55. f6+ Kf8 56. Nxc4 Nf3+ 57. Ke3 Nxh4 58. Kf2 Ke8 59. Kg3 Kd7
60. Kxh4 1-0

[Event "XXXIV Mitropa Cup"]
[Site "Mayrhofen AUT"]
[Date "2015.06.22"]
[Round "9.3"]
[White "Korpa, Bence"]
[Black "Moroni, Luca Jr"]
[WhiteElo "2432"]
[BlackElo "2437"]
[Result "1/2-1/2"]
[Annotator "ITA-HUN"]
[PlyCount "88"]
[EventDate "2015.06.14"]

1. c4 e6 2. g3 d5 3. Bg2 dxc4 4. Qa4+ Nd7 5. Qxc4 a6 6. Qc2 Ngf6 7. Nf3 c5 8.
Nc3 Qc7 9. d4 b5 10. Bf4 Qb6 11. a4 Bb7 12. axb5 cxd4 13. Na4 Bb4+ 14. Kf1 Qxb5
15. Nxd4 Bxg2+ 16. Kxg2 Qd5+ 17. Nf3 O-O 18. Rac1 e5 19. Be3 e4 20. Nd4 Qh5 21.
h3 Nd5 22. Qb3 Be7 23. g4 Nxe3+ 24. Qxe3 Qe5 25. Nc6 Qe6 26. Nd4 Qe5 27. Nc6
Qe6 28. Nxe7+ Qxe7 29. Rc4 f5 30. gxf5 Rae8 31. Nc3 Nf6 32. Rd1 Qb7 33. Rdd4
Qxb2 34. Rb4 Qa3 35. Nxe4 Qxe3 36. fxe3 Nxe4 37. Rxe4 Rxe4 38. Rxe4 Rxf5 39.
Re7 Rf7 40. Re8+ Rf8 41. Re5 Rf6 42. Re7 Rf7 43. Re8+ Rf8 44. Re5 Rf6 1/2-1/2

[Event "XXXIV Mitropa Cup"]
[Site "Mayrhofen AUT"]
[Date "2015.06.22"]
[Round "9.4"]
[White "Basso, Pier Luigi"]
[Black "Kozak, Adam"]
[WhiteElo "2428"]
[BlackElo "2340"]
[Result "1/2-1/2"]
[Annotator "ITA-HUN"]
[PlyCount "65"]
[EventDate "2015.06.14"]

1. d4 d5 2. c4 c6 3. cxd5 cxd5 4. Nc3 Nf6 5. Bf4 Nc6 6. e3 Bf5 7. Nf3 e6 8. Qb3
Bb4 9. Bb5 O-O 10. Bxc6 Bxc3+ 11. Qxc3 Rc8 12. Ne5 Ng4 13. Nxg4 Bxg4 14. Qa3
Rxc6 15. Qxa7 Qd7 16. O-O Ra6 17. Qc5 Rc8 18. Qb4 Rc4 19. Qd2 Qc8 20. b3 Rc2
21. Qxc2 Qxc2 22. Rac1 Rxa2 23. Rxc2 Rxc2 24. f3 Bf5 25. Ra1 Rc8 26. Ra7 b5 27.
Bc7 h5 28. h4 b4 29. Rb7 Bc2 30. Rb8 Rxb8 31. Bxb8 Bxb3 32. Bd6 Bc2 33. Bxb4
1/2-1/2

[Event "XII Mitropa Cup femminile"]
[Site "Mayrhofen AUT"]
[Date "2015.06.14"]
[Round "1.1"]
[White "Zimina, Olga"]
[Black "Hoolt, Sarah"]
[WhiteElo "2349"]
[BlackElo "2283"]
[Result "1-0"]
[Annotator "ITA-GER"]
[PlyCount "169"]
[EventDate "2015.06.14"]

1. Nf3 Nf6 2. c4 e6 3. g3 d5 4. Bg2 dxc4 5. Qa4+ Nbd7 6. Qxc4 a6 7. Qb3 Rb8 8.
a4 b5 9. axb5 axb5 10. O-O c5 11. d3 Bd6 12. Nc3 O-O 13. Nd2 Bb7 14. Bxb7 Rxb7
15. Nde4 Qb8 16. Ra6 Be5 17. Qa2 Rc8 18. Rd1 h5 19. Bg5 b4 20. Bxf6 bxc3 21.
Bxe5 Nxe5 22. bxc3 Rb2 23. Qa1 Qb3 24. Re1 h4 25. Ra8 Rb8 26. Nxc5 Qd5 27. Qxb2
Qxa8 28. Ra1 Rxb2 29. Rxa8+ Kh7 30. Kf1 h3 31. Ra1 g5 32. Ne4 g4 33. Nf6+ Kg6
34. Ne4 Nd7 35. Ke1 Nb6 36. c4 f5 37. Nd2 Nd7 38. Rc1 Ra2 39. Kd1 Kf6 40. c5
Ke7 41. c6 Nb6 42. e4 Kd8 43. Ke2 Kc7 44. Ke3 Nc8 45. f3 Ne7 46. fxg4 fxg4 47.
Rc5 Nxc6 48. Rg5 Nb4 49. Rxg4 Nc2+ 50. Kf4 Ne1 51. Rg7+ Kc6 52. Nb3 Nxd3+ 53.
Ke3 Ne5 54. Nd4+ Kd6 55. Nb5+ Kc6 56. Rg5 Nf7 57. Nd4+ Kd6 58. Rg6 Nd8 59. Ne2
Ke7 60. Rh6 Ra3+ 61. Kf2 Nf7 62. Rxh3 Ng5 63. Rh4 Rf3+ 64. Kg2 Re3 65. Nf4 Nxe4
66. Rh6 Nf6 67. h4 Ra3 68. h5 e5 69. Ng6+ Ke6 70. Nf8+ Kf7 71. Nh7 Ra2+ 72. Kh3
Rh2+ 73. Kxh2 Ng4+ 74. Kh3 Nxh6 75. g4 Kg7 76. Ng5 Ng8 77. Ne4 Nh6 78. Kh4 Nf7
79. g5 Nd8 80. Kg4 Nf7 81. Kf5 Kf8 82. Kf6 Nxg5 83. Nxg5 Kg8 84. Kg6 e4 85. h6
1-0

[Event "XII Mitropa Cup femminile"]
[Site "Mayrhofen AUT"]
[Date "2015.06.14"]
[Round "1.2"]
[White "Fuchs, Judith"]
[Black "Sedina, Elena"]
[WhiteElo "2286"]
[BlackElo "2326"]
[Result "1/2-1/2"]
[Annotator "ITA-GER"]
[PlyCount "126"]
[EventDate "2015.06.14"]

1. e4 e6 2. d3 d5 3. Nd2 Nf6 4. Ngf3 c5 5. g3 g6 6. Bg2 Bg7 7. O-O O-O 8. c3
Nc6 9. Re1 a5 10. exd5 exd5 11. Nb3 b6 12. a4 Re8 13. d4 Rxe1+ 14. Qxe1 c4 15.
Nbd2 Bf5 16. Nf1 Qd7 17. Bf4 Re8 18. Qd1 Ne4 19. Ne3 Be6 20. Qc2 h6 21. h4 f6
22. Nf1 g5 23. Be3 Bf5 24. Qc1 Bh3 25. hxg5 hxg5 26. N3d2 Bxg2 27. Kxg2 Nxd2
28. Qxd2 Ne7 29. f3 g4 30. Qf2 Qf5 31. fxg4 Qxg4 32. Qf3 Qxf3+ 33. Kxf3 Nf5 34.
Bf4 Kf7 35. Rb1 Re6 36. Rd1 Bf8 37. Rb1 Be7 38. Kg4 Kg6 39. Kf3 Kf7 40. Kf2 Bd8
41. Nd2 Be7 42. Rh1 Bd6 43. Bxd6 Nxd6 44. Rh5 f5 45. Rh7+ Ke8 46. Nf3 Ne4+ 47.
Kg2 Rg6 48. Ne5 Rxg3+ 49. Kf1 f4 50. Rh8+ Ke7 51. Rh7+ Ke8 52. Rh8+ Ke7 53.
Rh7+ Ke6 54. Rh6+ Kf5 55. Rh8 Nd2+ 56. Kf2 Ne4+ 57. Kf1 Ng5 58. Rf8+ Ke4 59.
Re8 Nh3 60. Ke2 Ng1+ 61. Kf2 Nh3+ 62. Ke2 Ng1+ 63. Kf2 Nh3+ 1/2-1/2

[Event "XII Mitropa Cup femminile"]
[Site "Mayrhofen AUT"]
[Date "2015.06.15"]
[Round "2.1"]
[White "Exler, Veronika"]
[Black "Zimina, Olga"]
[WhiteElo "2193"]
[BlackElo "2349"]
[Result "1/2-1/2"]
[Annotator "ITA-AUT"]
[PlyCount "99"]
[EventDate "2015.06.14"]

1. d4 d5 2. c4 c6 3. Nf3 Nf6 4. g3 dxc4 5. Bg2 Nbd7 6. O-O g6 7. a4 a5 8. Na3
Nb6 9. Ne5 Be6 10. e4 Nfd7 11. Nf3 Bg4 12. Qc2 Bg7 13. Rd1 O-O 14. h3 Bxf3 15.
Bxf3 e5 16. dxe5 Qe7 17. Be3 Nxe5 18. Bxb6 Nxf3+ 19. Kg2 Ne5 20. Nxc4 Nxc4 21.
Qxc4 Rfe8 22. f3 Be5 23. h4 h5 24. Ra3 Qb4 25. Qxb4 axb4 26. Rb3 Rxa4 27. Rd7
Bg7 28. Rxb7 f5 29. Bc5 fxe4 30. R3xb4 Ra5 31. Be3 exf3+ 32. Kxf3 Rae5 33. Rb3
Rf5+ 34. Bf4 Be5 35. Re3 Ref8 36. Re4 g5 37. hxg5 Rxg5 38. Ke3 Bxf4+ 39. gxf4
Rg1 40. Kf2 Rg6 41. Kf3 h4 42. Re5 Rg3+ 43. Ke4 Rg4 44. Rg5+ Rxg5 45. fxg5 h3
46. g6 Rf2 47. Rh7 h2 48. b3 Rb2 49. Ke5 Rxb3 50. Rxh2 1/2-1/2

[Event "XII Mitropa Cup femminile"]
[Site "Mayrhofen AUT"]
[Date "2015.06.15"]
[Round "2.2"]
[White "Brunello, Marina"]
[Black "Newrkla, Katharina"]
[WhiteElo "2301"]
[BlackElo "2153"]
[Result "1/2-1/2"]
[Annotator "ITA-AUT"]
[PlyCount "84"]
[EventDate "2015.06.14"]

1. e4 c5 2. Nf3 d6 3. d4 cxd4 4. Nxd4 Nf6 5. Nc3 a6 6. Be2 e5 7. Nb3 Be7 8. O-O
O-O 9. f4 b5 10. Bf3 Bb7 11. Kh1 Nbd7 12. Be3 Rc8 13. Nd5 Bxd5 14. exd5 e4 15.
Be2 Nb6 16. Bxb6 Qxb6 17. Qd2 Rfe8 18. a4 b4 19. a5 Qb7 20. Rfd1 Bf8 21. Rac1
g6 22. Qd4 Nd7 23. Qe3 Bg7 24. Nd4 Nf6 25. Qb3 Qxd5 26. Bxa6 Qxb3 27. Nxb3 Rcd8
28. c3 bxc3 29. bxc3 e3 30. Nd4 Ne4 31. Kg1 Ra8 32. Bb5 Rec8 33. Bc6 e2 34. Rd3
Bxd4+ 35. Rxd4 Rxc6 36. Rxe4 Rxa5 37. Rxe2 Rac5 38. Rd2 Kg7 39. Rd3 d5 40. Kf2
d4 41. Rxd4 Rxc3 42. Rxc3 Rxc3 1/2-1/2

[Event "XII Mitropa Cup femminile"]
[Site "Mayrhofen AUT"]
[Date "2015.06.16"]
[Round "3.1"]
[White "Sedina, Elena"]
[Black "Unuk, Laura"]
[WhiteElo "2326"]
[BlackElo "2121"]
[Result "0-1"]
[Annotator "ITA-SLO"]
[PlyCount "86"]
[EventDate "2015.06.14"]

1. e4 e6 2. d4 d5 3. e5 c5 4. c3 Nc6 5. Nf3 Bd7 6. Be2 Nge7 7. O-O Ng6 8. g3
Be7 9. h4 cxd4 10. cxd4 O-O 11. Nbd2 f6 12. exf6 Bxf6 13. Nb3 Rc8 14. h5 Nge7
15. h6 Nf5 16. hxg7 Rf7 17. Bd3 e5 18. dxe5 Nxe5 19. Nxe5 Bxe5 20. Qh5 Qf6 21.
Bg5 Qxg7 22. Rac1 Rc6 23. Rxc6 Bxc6 24. Re1 Bd4 25. Nxd4 Nxd4 26. f4 h6 27. Bh4
Rxf4 28. Re7 Nf3+ 29. Kh1 Rxh4+ 30. Qxh4 Nxh4 31. Rxg7+ Kxg7 32. gxh4 Kf6 33.
Kg2 Ke5 34. Kf3 Bd7 35. Bg6 Bf5 36. Be8 b6 37. Bc6 Bg6 38. Ke2 Ke4 39. Kd2 Bf7
40. Kc3 Ke3 41. Bb5 d4+ 42. Kc2 Bg6+ 43. Kd1 d3 0-1

[Event "XII Mitropa Cup femminile"]
[Site "Mayrhofen AUT"]
[Date "2015.06.16"]
[Round "3.2"]
[White "Hrescak, Ivana"]
[Black "Brunello, Marina"]
[WhiteElo "2057"]
[BlackElo "2301"]
[Result "0-1"]
[Annotator "ITA-SLO"]
[PlyCount "74"]
[EventDate "2015.06.14"]

1. d4 d5 2. c4 c6 3. Nf3 Nf6 4. Nc3 e6 5. Bg5 dxc4 6. e4 b5 7. e5 h6 8. Bh4 g5
9. Nxg5 hxg5 10. Bxg5 Nbd7 11. g3 Qb6 12. exf6 Bb7 13. Bg2 c5 14. d5 O-O-O 15.
O-O b4 16. Na4 Qa6 17. a3 Bxd5 18. axb4 Bxg2 19. Kxg2 Qc6+ 20. f3 cxb4 21. Qe2
Qd5 22. Be3 Qd3 23. Qf2 Ne5 24. Bxa7 Bd6 25. Bc5 Qh7 26. h4 Nd3 27. Qe3 Bxg3
28. Nb6+ Kb7 29. Nxc4 Rhg8 30. Ra7+ Kb8 31. Rfa1 Bf4+ 32. Kf1 Bxe3 33. Bxe3
Qxh4 34. Ra8+ Kc7 35. R8a7+ Kc6 36. R1a6+ Kd5 37. Nb6+ Ke5 0-1

[Event "XII Mitropa Cup femminile"]
[Site "Mayrhofen AUT"]
[Date "2015.06.17"]
[Round "4.1"]
[White "Novosadova, Kristyna"]
[Black "Zimina, Olga"]
[WhiteElo "2211"]
[BlackElo "2349"]
[Result "1/2-1/2"]
[Annotator "ITA-CZE"]
[PlyCount "133"]
[EventDate "2015.06.14"]

1. e4 e5 2. Nf3 Nc6 3. Bb5 a6 4. Ba4 Nf6 5. O-O Be7 6. Re1 b5 7. Bb3 d6 8. c3
O-O 9. h3 Nb8 10. d3 Nbd7 11. Nbd2 Bb7 12. Nf1 Nc5 13. Bc2 Re8 14. Ng3 Bf8 15.
Qe2 g6 16. Be3 Qe7 17. Rad1 Bg7 18. Bb1 Rad8 19. Qd2 Qf8 20. b4 Ne6 21. d4 Nd7
22. d5 Nf4 23. Ne2 Nxe2+ 24. Qxe2 c6 25. dxc6 Bxc6 26. c4 Qe7 27. Bd3 Rb8 28.
a3 Nf8 29. c5 d5 30. exd5 Bxd5 31. Bb1 Bc4 32. Qc2 Ne6 33. Rd6 a5 34. Nd2 axb4
35. axb4 Qh4 36. g3 Qxh3 37. Nxc4 bxc4 38. Qxc4 Nd4 39. Be4 Qg4 40. Qd5 Rxb4
41. Rd7 Rf8 42. Kg2 h5 43. Ra1 h4 44. Ra8 Ne6 45. Bf3 Qf5 46. Rxf8+ Bxf8 47. c6
hxg3 48. c7 Nxc7 49. Rxc7 gxf2 50. Kxf2 Rb2+ 51. Ke1 Bb4+ 52. Kd1 Kg7 53. Qe4
Qe6 54. Qd5 Qf6 55. Bg5 Qf5 56. Be3 Rh2 57. Qe4 Qf6 58. Rc6 Qe7 59. Qd5 Ba3 60.
Ra6 Bb2 61. Ra7 Qf6 62. Be2 Qf5 63. Qd3 Qc8 64. Qc4 Qf5 65. Qd3 Qc8 66. Qc4 Qf5
67. Qd3 1/2-1/2

[Event "XII Mitropa Cup femminile"]
[Site "Mayrhofen AUT"]
[Date "2015.06.17"]
[Round "4.2"]
[White "Brunello, Marina"]
[Black "Fuskova, Martina"]
[WhiteElo "2301"]
[BlackElo "1969"]
[Result "1-0"]
[Annotator "ITA-CZE"]
[PlyCount "69"]
[EventDate "2015.06.14"]

1. e4 c5 2. Nc3 e6 3. Nf3 d6 4. g3 Nf6 5. Bg2 Be7 6. O-O O-O 7. d4 cxd4 8. Nxd4
Nc6 9. a4 a6 10. h3 Qc7 11. Kh1 Bd7 12. f4 Nxd4 13. Qxd4 Bc6 14. Be3 Rfd8 15.
a5 Nd7 16. Qd2 b6 17. axb6 Nxb6 18. Qd3 Bb7 19. Bd4 Rac8 20. Qe2 Nd7 21. Rfd1
Bf6 22. Ra4 e5 23. fxe5 Bxe5 24. Bxe5 dxe5 25. Nd5 Bxd5 26. Rxd5 Nc5 27. Rc4
Qe7 28. b4 Nd7 29. Rxc8 Rxc8 30. Qxa6 Rc7 31. b5 h6 32. b6 Rxc2 33. Qb5 Nf6 34.
b7 Rc1+ 35. Kh2 1-0

[Event "XII Mitropa Cup femminile"]
[Site "Mayrhofen AUT"]
[Date "2015.06.18"]
[Round "5.1"]
[White "Zimina, Olga"]
[Black "Deur Saric, Zrinka"]
[WhiteElo "2349"]
[BlackElo "2137"]
[Result "1-0"]
[Annotator "ITA-CRO"]
[PlyCount "135"]
[EventDate "2015.06.14"]

1. Nf3 c5 2. c4 g6 3. e4 Nc6 4. d4 cxd4 5. Nxd4 Nf6 6. Nc3 d6 7. Be2 Nxd4 8.
Qxd4 Bg7 9. O-O O-O 10. Qe3 Be6 11. Bd2 Nd7 12. Rac1 Qb6 13. b3 Qxe3 14. Bxe3
Nc5 15. f3 Rfc8 16. Rfd1 a5 17. Bf1 h5 18. g3 Rab8 19. Bf2 Bh6 20. f4 Bg7 21.
Re1 Kf8 22. Nb5 Bd7 23. Nd4 Ne6 24. Nf3 Nc5 25. e5 Bg4 26. Kg2 dxe5 27. Nxe5
Bf5 28. Rcd1 Ne4 29. Bb6 Ra8 30. Bd3 Bxe5 31. fxe5 Rc6 32. Bd4 Ng5 33. Be3 Bxd3
34. Rxd3 Ne6 35. Rd7 b5 36. cxb5 Rc2+ 37. Kf3 a4 38. b6 axb3 39. axb3 Rb8 40.
Ra1 Rc3 41. Ke2 Rxb3 42. Raa7 Rb2+ 43. Rd2 Rb5 44. Rda2 Ke8 45. Ra8 Rxa8 46.
Rxa8+ Nd8 47. Rc8 Kd7 48. Rc7+ Ke6 49. Bd4 Rb3 50. Kd2 f6 51. exf6 exf6 52. Kc2
Rb5 53. Kc3 Nf7 54. Rc6+ Kd5 55. Rxf6 Nd6 56. Rxg6 Ne4+ 57. Kd3 Rb3+ 58. Kc2
Rb5 59. Be3 Ke5 60. Rg7 Kd5 61. Kd3 Rb3+ 62. Ke2 Nc3+ 63. Kf3 Ke6 64. Kg2 Rb2+
65. Kh3 Nd5 66. Bd4 Rb4 67. b7 h4 68. Ba7 1-0

[Event "XII Mitropa Cup femminile"]
[Site "Mayrhofen AUT"]
[Date "2015.06.19"]
[Round "6.1"]
[White "Schnegg, Anna-Lena"]
[Black "Zimina, Olga"]
[WhiteElo "2054"]
[BlackElo "2349"]
[Result "0-1"]
[Annotator "ITA-AUT2"]
[PlyCount "98"]
[EventDate "2015.06.14"]

1. e4 e5 2. Nf3 Nc6 3. Bc4 Bc5 4. c3 Nf6 5. d4 exd4 6. e5 d5 7. Be2 Ne4 8. cxd4
Bb6 9. O-O O-O 10. Nc3 Ne7 11. Qc2 f5 12. exf6 Nxf6 13. Na4 Bf5 14. Bd3 Bxd3
15. Qxd3 Ng6 16. Ne5 Ne7 17. b4 Qc8 18. Bb2 Nf5 19. Rac1 Nd6 20. Rc2 c6 21. Bc1
Qf5 22. Nxb6 axb6 23. Qxf5 Nxf5 24. Rd1 b5 25. f3 Ra4 26. a3 Re8 27. Re2 Nd7
28. Bb2 Nb6 29. Kf2 Nd6 30. Bc1 Nbc4 31. Nxc4 Rxe2+ 32. Kxe2 bxc4 33. Bb2 Nb5
34. Kd2 c3+ 35. Bxc3 Rxa3 36. Rc1 Rb3 37. Kd3 Kf7 38. h4 g6 39. g3 Kf6 40. Kd2
Kf5 41. Kd3 h5 42. Kd2 g5 43. hxg5 Kxg5 44. Kd3 h4 45. gxh4+ Kxh4 46. Kd2 Rxc3
47. Rxc3 Nxc3 48. Kxc3 Kg3 49. b5 cxb5 0-1

[Event "XII Mitropa Cup femminile"]
[Site "Mayrhofen AUT"]
[Date "2015.06.19"]
[Round "6.2"]
[White "Sedina, Elena"]
[Black "Hapala, Elisabeth"]
[WhiteElo "2326"]
[BlackElo "2090"]
[Result "1/2-1/2"]
[Annotator "ITA-AUT2"]
[PlyCount "129"]
[EventDate "2015.06.14"]

1. e4 e5 2. Nc3 Nf6 3. Nf3 Nc6 4. g3 Bc5 5. Bg2 d6 6. d3 a6 7. O-O O-O 8. h3 h6
9. Be3 Bxe3 10. fxe3 Ne7 11. Nh4 Nh7 12. d4 c6 13. Qd2 Qb6 14. a4 a5 15. Kh2
Be6 16. Nf5 Bxf5 17. exf5 Nf6 18. Rad1 Rad8 19. b3 Rfe8 20. Qf2 exd4 21. exd4
d5 22. Rde1 Nc8 23. Re5 Rxe5 24. dxe5 Qxf2 25. Rxf2 Nd7 26. f6 Nxe5 27. fxg7
Kxg7 28. Ne2 Ng6 29. Nd4 Nd6 30. Re2 Kf8 31. Rf2 Re8 32. Rf6 Ne4 33. Rf5 Kg7
34. Rf1 Nd6 35. Kg1 Re5 36. h4 Ne4 37. Nf5+ Kh7 38. Bxe4 Rxe4 39. Nd6 Re7 40.
Rxf7+ Rxf7 41. Nxf7 b6 42. Kf2 Kg7 43. Nd6 Ne5 44. Nc8 Nd7 45. Ne7 Ne5 46. Ke3
Kf6 47. Ng8+ Kg7 48. Ne7 Kf6 49. Nc8 Nd7 50. g4 b5 51. Kf4 bxa4 52. bxa4 Nc5
53. g5+ hxg5+ 54. hxg5+ Kg7 55. Ne7 Nxa4 56. Nxc6 Nc5 57. Ke5 a4 58. Kxd5 a3
59. Nb4 Na4 60. Na2 Kg6 61. Kc6 Kxg5 62. c4 Nb2 63. c5 Nd3 64. Kd6 Nxc5 65.
Kxc5 1/2-1/2

[Event "XII Mitropa Cup femminile"]
[Site "Mayrhofen AUT"]
[Date "2015.06.20"]
[Round "7.1"]
[White "Zimina, Olga"]
[Black "Heinatz, Gundula"]
[WhiteElo "2349"]
[BlackElo "2215"]
[Result "1-0"]
[Annotator "ITA-SUI"]
[PlyCount "66"]
[EventDate "2015.06.14"]

1. Nf3 d5 2. c4 c6 3. d4 Nf6 4. e3 g6 5. Bd3 Bg7 6. O-O O-O 7. Qc2 Nbd7 8. Bd2
Re8 9. cxd5 cxd5 10. Rc1 a6 11. a4 e5 12. dxe5 Ng4 13. Bc3 Ndxe5 14. Nxe5 Nxe5
15. Be2 Qh4 16. Nd2 Bf5 17. Qd1 Rad8 18. Qf1 Qe7 19. Ra3 Bh6 20. Bd4 Nc6 21.
Nf3 Be4 22. Bb6 Rd7 23. Nd4 Bg7 24. Nxc6 bxc6 25. Rb3 d4 26. Bxa6 Qg5 27. Bd3
Bd5 28. Bc4 Be4 29. Re1 Bc2 30. Ra3 Rde7 31. b4 Be5 32. Bc5 Qh6 33. g3 d3 1-0